Music Quiz

Random Music or Letter Quiz

Alphabetic Songs Quiz Stats

 Plays Quiz Updated Sep 19, 2018

Score 0/26 Timer 08:00
3 Plays Today
Letters Song % Correct
B.I.B.Back in Black
84.3%
A.Y.G.B.M.G.Are You Gonna Be My Girl
68.3%
H.G.Hollaback Girl
62.7%
N.W.N.C.No Woman No Cry
55.7%
(Y.G.) F.F.Y.R. (T.P.)(You Gotta) Fight for Your Right (to Party)
50.1%
F.B.G.Fat Bottomed Girls
49.9%
U.G.Uptown Girl
48.2%
J.J.F.Jumpin' Jack Flash
47.6%
M.O.P.Master of Puppets
42.8%
P.W.Pinball Wizard
41.4%
K.C.Karma Chameleon
40.6%
C.N.Comfortably Numb
37.1%
E.H.Everybody Hurts
34.3%
Letters Song % Correct
X.Xanadu
30.6%
V.I.Virtual Insanity
30.3%
L.A.L.D.Live and Let Die
30.2%
Z.S.R. Zoot Suit Riot
29%
S.O.Space Oddity
24.2%
Q.S.,S (W.W.B.W.B.)Que Sera, Sera (Whatever Will Be, Will Be)
23.8%
T.M.H.T.Take Me Home Tonight
18.6%
G.,Y.B.A.W.S.Girl, You'll Be a Woman Soon
17.1%
D.B.M.D.Don't Bring Me Down
16.7%
R.O.B.Roll Over Beethoven
16.6%
W.O.C.Wind of Change
15%
I.T.Invisible Touch
14.5%
O. (L.M.L.O.M.)Opportunities (Lets Make Lots of Money)
3.3%

You're not logged in!

Compare scores with friends on all Sporcle quizzes.
OR
Log In

Sporcle TV

Today on Sporcle TV


Watch our educational content, quiz creation guides, and fun videos on Sporcle TV.

Show Comments

Extras

Top Quizzes Today


Score Distribution

Your Account Isn't Verified!

In order to create a playlist on Sporcle, you need to verify the email address you used during registration. Go to your Sporcle Settings to finish the process.

Report this User

Report this user for behavior that violates our Community Guidelines.

Details: